Statistics for World Capital Bullseye #12

Click here to take the quiz!

General Stats

  • This quiz has been taken 69 times
  • The average score is 22 of 31

Answer Stats

Capital City % Correct
Brasilia
89%
Santiago
89%
Lima
89%
Washington
89%
Bogota
87%
Havana
87%
Buenos Aires
84%
Quito
84%
Port-au-Prince
84%
Ottawa
82%
Asuncion
82%
Sucre
80%
Georgetown
77%
Panama City
77%
Kingston
77%
Kingstown
77%
Nassau
75%
Paramaribo
74%
San Jose
72%
CARACAS
70%
Santo Domingo
70%
Port-of-Spain
69%
Managua
69%
Tegucigalpa
66%
Saint George's
59%
Bridgetown
56%
Basseterre
56%
Roseau
54%
Castries
49%
Wellington
38%
Maseru
10%

Score Distribution

Percentile by Number Answered

Percent of People with Each Score

Your Score History

You have not taken this quiz